[Event "ICS rated standard match"]
[Site "204.178.125.65"]
[Date "2000.11.19"]
[Round "?"]
[White "PostModernist"]
[Black "Hossa"]
[Result "1/2-1/2"]
[WhiteElo "2436"]
[BlackElo "2262"]
[PlyCount "267"]
[EventDate "2000.??.??"]

1. e4 Nf6 2. e5 Nd5 3. d4 d6 4. Nf3 dxe5 5. Nxe5 g6 6. Bc4 c6 7. O-O Bg7 8. Re1
O-O 9. Bb3 Be6 10. Nd2 Nd7 11. Ndf3 Nxe5 12. Nxe5 Qd6 13. c4 Nf6 14. f4 Rfd8
15. Be3 Qb4 16. Bf2 Bh6 17. g3 Qa5 18. Qf3 Bg7 19. Rad1 Qc7 20. d5 Bd7 21. Ba4
cxd5 22. Nxd7 Nxd7 23. Rxe7 Bf6 24. Rxd7 Rxd7 25. Bxd7 Qxd7 26. Rxd5 Qc6 27. b3
Re8 28. Bxa7 Re1+ 29. Kg2 Qa6 30. Bf2 Qxa2 31. Rd7 Qe2 32. Qxe2 Rxe2 33. b4 Re7
34. Rxe7 Bxe7 35. c5 Kf8 36. b5 Ke8 37. c6 bxc6 38. bxc6 Bb4 39. Bb6 Ke7 40.
Bc7 Bd6 41. Ba5 Bc5 42. Kf3 Kd6 43. c7 Kd7 44. Kg4 f6 45. f5 Bd6 46. Bc3 Be7
47. fxg6 hxg6 48. Ba5 Bd6 49. h4 Be5 50. Bb6 Bd6 51. c8=R Kxc8 52. Kf3 f5 53.
Be3 Be5 54. Bf4 Bb2 55. Bh6 Kc7 56. Bd2 Bf6 57. Kf4 Kd6 58. Be3 Kd5 59. Bb6
Be5+ 60. Kf3 Bc3 61. Bf2 Bb2 62. Be3 Bf6 63. Bf4 Kc6 64. Bb8 Kd7 65. Ba7 Kc6
66. Bg1 Kb5 67. Kf4 Kc4 68. Ba7 Kd5 69. Bf2 Be7 70. Bb6 Bd6+ 71. Kf3 Be5 72.
Ba5 Bd4 73. Bd2 Bf6 74. Bb4 Ke6 75. Be1 Be5 76. Bf2 Kd5 77. Ba7 Bg7 78. Bg1 Bc3
79. Bb6 Kc6 80. Bf2 Kd5 81. Bg1 Be5 82. g4 Bf6 83. gxf5 Bxh4 84. fxg6 Ke6 85.
Kg4 Bf6 86. Bh2 Ke7 87. Kf5 Bd4 88. Be5 Bc5 89. Bg7 Ke8 90. Kg5 Be3+ 91. Kh5
Ke7 92. Kg4 Ke8 93. Kf3 Bg1 94. Ke4 Ke7 95. Kf4 Ke6 96. Kg5 Be3+ 97. Kg4 Ke7
98. Bc3 Kf8 99. Kh5 Kg8 100. Bb2 Bf2 101. Kg4 Bg1 102. Kf3 Bc5 103. Kf4 Bd6+
104. Kg5 Be7+ 105. Kf5 Bh4 106. Bd4 Bg3 107. Ke4 Bh2 108. Bf6 Bg1 109. Be5 Bf2
110. Kd5 Bg1 111. Bb2 Bf2 112. Ke6 Bg1 113. Be5 Bf2 114. Ba1 Bh4 115. Kf5 Be7
116. Kg4 Bd8 117. Kf3 Be7 118. Ke4 Bg5 119. Bd4 Bh6 120. Kf5 Bg7 121. Bg1 Bh6
122. Kg4 Kg7 123. Kh5 Bf4 124. Bf2 Kg8 125. Bc5 Bg3 126. Be3 Bh2 127. Kg5 Bg3
128. Kh6 Bh2 129. Bd4 Bf4+ 130. Kh5 Bh2 131. Kg5 Kf8 132. Kh6 Kg8 133. Bb6 Bf4+
134. Kh5 {Game drawn by the 50 move rule} 1/2-1/2

[Event "ICS rated blitz match"]
[Site "204.178.125.65"]
[Date "2000.11.19"]
[Round "?"]
[White "Hossa"]
[Black "PostModernist"]
[Result "0-1"]
[WhiteElo "2526"]
[BlackElo "2569"]
[PlyCount "134"]
[EventDate "2000.??.??"]

1. c4 Nf6 2. Nc3 e5 3. Nf3 Nc6 4. e3 g6 5. Be2 Bg7 6. d4 d6 7. dxe5 Nxe5 8.
Nxe5 dxe5 9. Qxd8+ Kxd8 10. e4 Bd7 11. O-O Bc6 12. Bd3 Kc8 13. Rd1 Rd8 14. f3
Bf8 15. Bg5 Bc5+ 16. Kh1 Rd6 17. Bc2 Nd7 18. Rxd6 cxd6 19. Rd1 Bd4 20. Bd2 a6
21. g4 h5 22. Kg2 hxg4 23. fxg4 f5 24. Nd5 fxg4 25. b4 b5 26. Ne7+ Kb7 27. Rc1
Rf8 28. Nxc6 Rf2+ 29. Kg3 Rxd2 30. Nxd4 exd4 31. cxb5 axb5 32. a4 Ka6 33. a5
Ne5 34. Bd1 Rb2 35. Rc8 Rb1 36. Rd8 Rxd1 37. Rxd6+ Ka7 38. Re6 Nd3 39. Rb6 Rg1+
40. Kh4 Ne5 41. Kg5 d3 42. Rxb5 d2 43. Rxe5 d1=Q 44. Re7+ Ka6 45. Re6+ Kb5 46.
Rb6+ Kc4 47. Kxg6 Qf3 48. e5 Qe4+ 49. Kf7 Rf1+ 50. Rf6 Rxf6+ 51. exf6 Qh7+ 52.
Ke6 Qxh2 53. f7 Qe2+ 54. Kd6 Qf3 55. a6 Qxf7 56. Kc6 Qf6+ 57. Kb7 Kxb4 58. a7
g3 59. a8=R Qf3+ 60. Kb8 Qxa8+ 61. Kxa8 g2 62. Kb8 g1=Q 63. Kc7 Qd4 64. Kc8 Qg7
65. Kd8 Kb5 66. Ke8 Kc6 67. Kd8 Qf8# {Hossa checkmated} 0-1

[Event "ICS rated blitz match"]
[Site "204.178.125.65"]
[Date "2000.11.19"]
[Round "?"]
[White "NimzoX"]
[Black "Hossa"]
[Result "1-0"]
[WhiteElo "2899"]
[BlackElo "2512"]
[PlyCount "91"]
[EventDate "2000.??.??"]

1. e4 e5 2. Nf3 Nf6 3. Nxe5 d6 4. Nf3 Nxe4 5. d4 d5 6. Bd3 Bd6 7. O-O O-O 8. c4
Re8 9. cxd5 Bf5 10. Nc3 Nd7 11. Ng5 Ndf6 12. Ncxe4 Bxe4 13. Nxe4 Nxe4 14. Qf3
Nf6 15. Bg5 Be7 16. Bb5 Nd7 17. Bh6 gxh6 18. Qg4+ Kh8 19. Bxd7 Rg8 20. Qh3 Rg5
21. Rad1 Rxd5 22. Bf5 c6 23. Be4 Rb5 24. Qxh6 Qg8 25. b3 Qg7 26. Qh3 Rd8 27.
Rfe1 Bb4 28. Re3 h6 29. Red3 Re8 30. Re3 Rd8 31. d5 cxd5 32. Rg3 Qf6 33. Rf3
Qe6 34. Bf5 Qd6 35. Bd3 Rb6 36. Rxf7 Qe5 37. f4 Bc5+ 38. Kh1 Qe6 39. Rh7+ Kg8
40. Qg3+ Qg6 41. Bxg6 Bd4 42. Rxd4 Rd7 43. Rxd7 Kh8 44. Bh5 Rg6 45. Rd8+ Kg7
46. Qxg6# {Hossa checkmated} 1-0

[Event "ICS rated blitz match"]
[Site "204.178.125.65"]
[Date "2000.11.19"]
[Round "?"]
[White "Hossa"]
[Black "CosmicJoke"]
[Result "0-1"]
[WhiteElo "2509"]
[BlackElo "2782"]
[PlyCount "56"]
[EventDate "2000.??.??"]

1. d4 Nf6 2. c4 e6 3. Nc3 Bb4 4. Qc2 d5 5. cxd5 exd5 6. Nf3 Nc6 7. a3 Bxc3+ 8.
bxc3 O-O 9. Bg5 h6 10. Bh4 Qd6 11. e3 Ne4 12. Bd3 Bf5 13. c4 Qg6 14. cxd5 Qxg2
15. Rg1 Qxf3 16. dxc6 bxc6 17. Rc1 Rab8 18. Qxc6 Rb2 19. Qxh6 Bg4 20. Rxg4 Qxg4
21. Qf4 Qg1+ 22. Bf1 Nd2 23. Ke2 Nxf1+ 24. Kd3 Qg6+ 25. Qf5 Qxf5+ 26. Kc3 Rfb8
27. d5 Qxd5 28. Rxf1 R8b3# {Hossa checkmated} 0-1

[Event "ICS rated blitz match"]
[Site "204.178.125.65"]
[Date "2000.11.19"]
[Round "?"]
[White "PostModernist"]
[Black "Hossa"]
[Result "1/2-1/2"]
[WhiteElo "2590"]
[BlackElo "2503"]
[PlyCount "95"]
[EventDate "2000.??.??"]

1. e4 Nf6 2. e5 Nd5 3. d4 e6 4. Nf3 d6 5. Nc3 dxe5 6. Nxe5 Nxc3 7. bxc3 Bd6 8.
Qg4 O-O 9. Bh6 Qf6 10. Bg5 Qf5 11. Qxf5 exf5 12. Nc4 Re8+ 13. Be2 Bf8 14. Bf4
Be6 15. O-O Nd7 16. Rfe1 Nf6 17. Ne3 Bd6 18. Bxd6 cxd6 19. g3 Ne4 20. Bb5 Rec8
21. d5 Nxc3 22. dxe6 Nxb5 23. Nxf5 Rxc2 24. e7 Re8 25. Rab1 g6 26. Nh6+ Kg7 27.
Rxb5 Kxh6 28. Rxb7 Kg7 29. Rxa7 f5 30. a4 Ra2 31. Kf1 Kf6 32. a5 d5 33. Rd1
Rxe7 34. Rxe7 Kxe7 35. Rxd5 Ke6 36. Rb5 Kd6 37. h3 Kc6 38. Re5 Kd6 39. f4 Ra1+
40. Kg2 Ra2+ 41. Kf3 Ra3+ 42. Kf2 Ra2+ 43. Kg1 Ra1+ 44. Kh2 Ra2+ 45. Kh1 Ra1+
46. Kh2 Ra2+ 47. Kh1 Ra1+ 48. Kh2 {Game drawn by repetition} 1/2-1/2

[Event "ICS rated blitz match"]
[Site "204.178.125.65"]
[Date "2000.11.19"]
[Round "?"]
[White "Hossa"]
[Black "NimzoX"]
[Result "0-1"]
[WhiteElo "2507"]
[BlackElo "2885"]
[PlyCount "142"]
[EventDate "2000.??.??"]

1. c4 Nf6 2. Nf3 e6 3. g3 d5 4. Bg2 dxc4 5. Qc2 Nbd7 6. Qxc4 c5 7. O-O b6 8.
Ng5 Rb8 9. Nc3 Bb7 10. Bxb7 Rxb7 11. d3 Be7 12. Qa6 Qc8 13. Bf4 O-O 14. Qa4 Nd5
15. Rfe1 Nxf4 16. Qxf4 Qb8 17. Qxb8 Rbxb8 18. Nf3 a6 19. a3 Nf6 20. Kf1 Rbd8
21. Ne5 Bd6 22. Nc4 Bc7 23. a4 Nd5 24. a5 b5 25. Nxd5 Rxd5 26. Ne3 Rdd8 27. f4
e5 28. f5 Rfe8 29. Red1 e4 30. dxe4 Rxd1+ 31. Nxd1 Rxe4 32. Kf2 Rb4 33. Kf3 Be5
34. Rc1 c4 35. Rc2 Kf8 36. Rd2 Ke7 37. g4 Bxh2 38. Nc3 Rb3 39. Ke4 Ke8 40. e3
Bc7 41. Nd5 Bxa5 42. Rh2 Bd8 43. Rxh7 Rxb2 44. Ke5 Rd2 45. Kd6 Be7+ 46. Kc6 f6
47. g5 fxg5 48. Rxg7 Kf8 49. Rh7 c3 50. Nxc3 Rc2 51. Kb6 Rxc3 52. Kxa6 Rxe3 53.
Kxb5 g4 54. Rh1 Re5+ 55. Kc4 Rxf5 56. Rg1 Rg5 57. Rg2 g3 58. Kd3 Bc5 59. Kd2
Bf2 60. Ke2 Ke7 61. Kf3 Rh5 62. Kf4 Rh4+ 63. Kf3 Kd6 64. Ke2 Ke5 65. Kd2 Rh2
66. Kd3 Rxg2 67. Kc3 Bd4+ 68. Kd3 Rb2 69. Kc4 g2 70. Kd3 g1=Q 71. Kc4 Qf1# {
Hossa checkmated} 0-1

[Event "ICS rated bullet match"]
[Site "204.178.125.65"]
[Date "2000.11.19"]
[Round "?"]
[White "Hossa"]
[Black "landen"]
[Result "0-1"]
[WhiteElo "2647"]
[BlackElo "2193"]
[PlyCount "98"]
[EventDate "2000.??.??"]

1. d4 d6 2. e4 Nf6 3. Nc3 c6 4. Nf3 Bg4 5. Bd3 Nbd7 6. h3 Bxf3 7. Qxf3 e5 8. d5
Be7 9. Be3 O-O 10. dxc6 bxc6 11. O-O Re8 12. a3 h6 13. Bc4 Nf8 14. Bxh6 gxh6
15. Qg3+ Kh7 16. Bxf7 Qd7 17. Bxe8 Rxe8 18. Rfd1 Ng6 19. Qe3 Rg8 20. Ne2 Rg7
21. c4 c5 22. b3 Qe6 23. Qd3 Nh5 24. Qc3 Ngf4 25. Kf1 Nxe2 26. Kxe2 Rxg2 27.
Kf1 Nf4 28. Ke1 Bg5 29. Qa5 Qxh3 30. Qxa7+ Kg6 31. Rxd6+ Kh5 32. Qf7+ Kh4 33.
Rxh6+ Bxh6 34. Qf6+ Bg5 35. Qh8+ Nh5 36. Qxh5+ Kxh5 37. Kf1 Rh2+ 38. Ke2 Bh4
39. Rf1 Qg2 40. b4 Qxe4+ 41. Kd2 Rxf2+ 42. Rxf2 Bxf2 43. b5 Qe3+ 44. Kd1 Qd3+
45. Kc1 Qxc4+ 46. Kd2 e4 47. Kd1 e3 48. b6 e2+ 49. Kd2 e1=Q# {Hossa checkmated}
0-1

[Event "ICS rated blitz match"]
[Site "204.178.125.65"]
[Date "2000.11.19"]
[Round "?"]
[White "joejan"]
[Black "Hossa"]
[Result "0-1"]
[WhiteElo "2395"]
[BlackElo "2504"]
[PlyCount "92"]
[EventDate "2000.??.??"]

1. e4 c5 2. Nc3 Nc6 3. f4 e6 4. Nf3 Nge7 5. d3 d5 6. g3 dxe4 7. dxe4 Qxd1+ 8.
Nxd1 Bd7 9. c3 Ng6 10. Be3 Be7 11. Bc4 Na5 12. Be2 O-O 13. O-O Rfd8 14. Nf2 c4
15. Rfd1 b6 16. Ng4 f6 17. e5 f5 18. Nf2 Rac8 19. Nd4 Bc5 20. Rd2 Rb8 21. Rad1
Ba4 22. Re1 Rd7 23. Bd1 Bxd1 24. Rexd1 Bxd4 25. Rxd4 Rxd4 26. Rxd4 Ne7 27. Rd6
Nb7 28. Rd7 Nd5 29. Bd4 a6 30. Nd1 Kf8 31. Ne3 Nxe3 32. Bxe3 Nc5 33. Rd6 Kf7
34. Bxc5 bxc5 35. Rd2 h6 36. Kf2 g5 37. Ke1 Kg6 38. Kd1 Kh5 39. Kc2 gxf4 40.
gxf4 Kg4 41. Rf2 Rd8 42. b3 Rd3 43. b4 cxb4 44. cxb4 h5 45. a4 Ra3 46. a5 Ra2+
{joejan resigns} 0-1

[Event "ICS rated bullet match"]
[Site "204.178.125.65"]
[Date "2000.11.19"]
[Round "?"]
[White "Hossa"]
[Black "ELLI"]
[Result "1-0"]
[WhiteElo "2617"]
[BlackElo "1904"]
[PlyCount "41"]
[EventDate "2000.??.??"]

1. e4 Nc6 2. Nf3 Nb8 3. d4 Nf6 4. e5 Ng8 5. Nc3 Nc6 6. d5 Nb8 7. Bc4 d6 8. e6
f6 9. b4 g6 10. Nd4 Bg7 11. Nf5 Kf8 12. Nxg7 Kxg7 13. O-O Nh6 14. b5 Qe8 15.
Qd2 Nf5 16. g4 Nh4 17. Qh6+ Kg8 18. Qxh4 Qf8 19. Bh6 Qe8 20. Ne4 c6 21. Qxf6 {
ELLI resigns} 1-0

[Event "ICS rated bullet match"]
[Site "204.178.125.65"]
[Date "2000.11.19"]
[Round "?"]
[White "ELLI"]
[Black "Hossa"]
[Result "0-1"]
[WhiteElo "1903"]
[BlackElo "2618"]
[PlyCount "56"]
[EventDate "2000.??.??"]

1. Nf3 d5 2. Ng1 e5 3. Nc3 d4 4. Nb1 Nf6 5. Nf3 e4 6. Ng1 Bc5 7. d3 e3 8. f3
O-O 9. g3 Nd5 10. Bg2 Bb4+ 11. Bd2 exd2+ 12. Nxd2 Ne3 13. Qc1 Nxg2+ 14. Kf1
Ne3+ 15. Kf2 Re8 16. a3 Bxd2 17. Qxd2 Qg5 18. f4 Qd5 19. Nf3 Bh3 20. Rhg1 Ng4+
21. Ke1 Qxf3 22. Kd1 Nf2+ 23. Kc1 Rxe2 24. Qb4 Qe3+ 25. Kb1 Nxd3 26. cxd3 Qxd3+
27. Ka2 Be6+ 28. Qb3 Bxb3# {ELLI checkmated} 0-1

[Event "ICS rated bullet match"]
[Site "204.178.125.65"]
[Date "2000.11.19"]
[Round "?"]
[White "Hossa"]
[Black "ELLI"]
[Result "1-0"]
[WhiteElo "2619"]
[BlackElo "1902"]
[PlyCount "75"]
[EventDate "2000.??.??"]

1. e4 Nc6 2. Nf3 Nb8 3. d4 a6 4. Be2 h6 5. O-O g6 6. d5 d6 7. e5 Bg7 8. Qd4
dxe5 9. Nxe5 Nd7 10. Bf4 Nxe5 11. Bxe5 f6 12. Bg3 Kf7 13. Qc4 Bf5 14. d6+ e6
15. dxc7 Qe7 16. c8=Q Rxc8 17. Qxc8 e5 18. Bc4+ Be6 19. Rd1 Bxc4 20. Rd7 Qxd7
21. Qxd7+ Ne7 22. Qxb7 Rd8 23. Nc3 g5 24. b3 Be6 25. Qxa6 Bf5 26. Qe2 Kg6 27.
f3 Nd5 28. Nxd5 Rxd5 29. a4 Rc5 30. c4 e4 31. fxe4 Be6 32. Rf1 Re5 33. Bxe5
fxe5 34. Qd1 Bf6 35. Qd6 g4 36. Qxe6 Kg5 37. Qxf6+ Kh5 38. Rf5# {
ELLI checkmated} 1-0

[Event "ICS rated bullet match"]
[Site "204.178.125.65"]
[Date "2000.11.19"]
[Round "?"]
[White "PowerMan"]
[Black "Hossa"]
[Result "0-1"]
[WhiteElo "1925"]
[BlackElo "2620"]
[PlyCount "48"]
[EventDate "2000.??.??"]

1. d4 Nf6 2. e3 g6 3. f4 Bg7 4. Nf3 O-O 5. Bd3 d5 6. O-O Bg4 7. Nbd2 Re8 8. h3
Bc8 9. c3 Nh5 10. Qe1 Qd6 11. Ne5 c5 12. Qh4 Bf6 13. Qf2 cxd4 14. exd4 Nc6 15.
g4 Ng7 16. Ndf3 Qc7 17. Be3 Rd8 18. Rae1 a6 19. Qg3 Qa5 20. a3 Qb6 21. Re2 Na5
22. g5 Bxe5 23. fxe5 Nf5 24. Nh4 Nxg3 {PowerMan resigns} 0-1

[Event "ICS rated bullet match"]
[Site "204.178.125.65"]
[Date "2000.11.19"]
[Round "?"]
[White "PowerMan"]
[Black "Hossa"]
[Result "0-1"]
[WhiteElo "1923"]
[BlackElo "2622"]
[PlyCount "68"]
[EventDate "2000.??.??"]

1. d4 Nf6 2. e3 g6 3. f4 Bg7 4. Nf3 O-O 5. Bd3 d5 6. O-O Bg4 7. h3 Bc8 8. c3
Ne4 9. Nbd2 Ng3 10. Re1 b6 11. Nf1 Ne4 12. N1d2 Bf5 13. Nh4 Nxc3 14. bxc3 Bxd3
15. Ndf3 Bb5 16. f5 Qd7 17. g4 Qd6 18. Kg2 Bc4 19. Bd2 e6 20. Rg1 Re8 21. Qc2
Nc6 22. Rae1 Qa3 23. Ra1 Qe7 24. e4 exf5 25. exf5 Qe4 26. Qxe4 dxe4 27. Ng5 h6
28. fxg6 fxg6 29. Nxg6 e3 30. Bxe3 Rxe3 31. Nf3 Bd5 32. Rgf1 Rxc3 33. Ngh4 Nxd4
34. Kh2 Rc2+ {PowerMan resigns} 0-1

[Event "ICS rated bullet match"]
[Site "204.178.125.65"]
[Date "2000.11.19"]
[Round "?"]
[White "Hossa"]
[Black "ChesterX"]
[Result "1/2-1/2"]
[WhiteElo "2623"]
[BlackElo "2404"]
[PlyCount "90"]
[EventDate "2000.??.??"]

1. d4 d5 2. Nf3 Bf5 3. g3 Nf6 4. Bg2 e6 5. O-O h6 6. c4 c6 7. cxd5 exd5 8. Nh4
Be4 9. Bxe4 dxe4 10. Nc3 Bb4 11. a3 Bxc3 12. bxc3 Na6 13. Rb1 Qd7 14. Qc2 g5
15. Ng2 O-O-O 16. Qb3 Rhe8 17. a4 Rg8 18. Ne3 h5 19. Nc4 Qc7 20. Ba3 Ne8 21.
Ne5 Rg7 22. f4 g4 23. Bf8 Rh7 24. e3 Nd6 25. Bxd6 Rxd6 26. Qc2 f5 27. Qb3 Qg7
28. Nc4 Rdh6 29. Qa3 Qf6 30. Ne5 h4 31. Qa2 hxg3 32. Qg8+ Kc7 33. hxg3 Rh1+ 34.
Kf2 R7h2+ 35. Ke1 Rxf1+ 36. Kxf1 Rh1+ 37. Kf2 Rxb1 38. Qh7+ Kc8 39. Qd7+ Kb8
40. Qe8+ Kc7 41. Qd7+ Kb8 42. Qe8+ Kc7 43. Qd7+ Kb8 44. Qe8+ Kc7 45. Qd7+ Kb8 {
Game drawn by repetition} 1/2-1/2

[Event "ICS rated blitz match"]
[Site "204.178.125.65"]
[Date "2000.11.19"]
[Round "?"]
[White "Hossa"]
[Black "QueenMaxima"]
[Result "1-0"]
[WhiteElo "2515"]
[BlackElo "2545"]
[PlyCount "179"]
[EventDate "2000.??.??"]

1. e4 d6 2. d4 e6 3. Nc3 Bd7 4. Nf3 Nf6 5. Be2 Nc6 6. O-O Be7 7. Bf4 O-O 8. e5
dxe5 9. dxe5 Ne8 10. Qd2 f6 11. Rfd1 fxe5 12. Nxe5 Nxe5 13. Bxe5 Bd6 14. Qd4
Bc6 15. Bc4 Qc8 16. Re1 Bxe5 17. Rxe5 Rf6 18. Qe3 Bd7 19. Ne4 Rg6 20. Nc5 Nd6
21. Bb3 Kh8 22. Nxd7 Qxd7 23. Rxe6 Rxe6 24. Qxe6 Qc6 25. Rd1 Re8 26. Qd5 Qxd5
27. Bxd5 Re2 28. Bb3 g6 29. Kf1 Re8 30. Re1 Rxe1+ 31. Kxe1 Kg7 32. c3 Kf6 33.
Ke2 Ke5 34. g3 c5 35. f4+ Ke4 36. a3 a5 37. Be6 b6 38. Bg8 h6 39. Bb3 g5 40.
Bc2+ Kd5 41. Kf3 Ke6 42. Kg4 Kf6 43. Kh5 gxf4 44. gxf4 Nc4 45. Kxh6 Nxb2 46. a4
Nc4 47. Bd3 Nb2 48. Bb5 Nd1 49. c4 Ne3 50. h4 Ng2 51. h5 Nxf4 52. Bc6 Kf5 53.
Bf3 Ne6 54. Bb7 Nf4 55. Bc8+ Kf6 56. Bg4 Nd3 57. Kh7 Ne5 58. Be2 Nf7 59. Kg8
Nd6 60. h6 Nf5 61. h7 Ne7+ 62. Kf8 Ng6+ 63. Ke8 Kg7 64. Kd7 Nf4 65. Bf1 Kxh7
66. Kc6 Kg7 67. Kxb6 Ne6 68. Kxa5 Kf6 69. Kb6 Ke7 70. a5 Kd6 71. a6 Nc7 72. a7
Na8+ 73. Kb7 Nc7 74. a8=Q Nxa8 75. Kxa8 Kc7 76. Ka7 Kc6 77. Ka6 Kd6 78. Kb6 Ke5
79. Kxc5 Ke6 80. Kb6 Ke5 81. c5 Kf4 82. c6 Kf3 83. c7 Kf2 84. c8=Q Kxf1 85. Qc2
Ke1 86. Qg2 Kd1 87. Kc5 Ke1 88. Kd4 Kd1 89. Kd3 Ke1 90. Qg1# {
QueenMaxima checkmated} 1-0

[Event "ICS rated blitz match"]
[Site "204.178.125.65"]
[Date "2000.11.19"]
[Round "?"]
[White "QueenMaxima"]
[Black "Hossa"]
[Result "0-1"]
[WhiteElo "2528"]
[BlackElo "2532"]
[PlyCount "142"]
[EventDate "2000.??.??"]

1. c4 Nf6 2. d4 Nc6 3. Nf3 e6 4. a3 Be7 5. d5 Na5 6. e3 b5 7. cxb5 exd5 8. Bd3
O-O 9. O-O Ne4 10. b4 Nb7 11. Qb3 c6 12. Nc3 Nbd6 13. Bb2 Bf6 14. Rac1 Re8 15.
bxc6 dxc6 16. Qa4 Bd7 17. Rfd1 a5 18. bxa5 Rxa5 19. Qb3 Nc5 20. Qb4 Nxd3 21.
Rxd3 Nc4 22. Ra1 Qa8 23. Nxd5 Bxb2 24. Nc7 Ra4 25. Nxa8 Rxb4 26. axb4 Bxa1 27.
Rxd7 Rxa8 28. g3 Bc3 29. Kg2 g6 30. Nd4 Bxd4 31. exd4 Kg7 32. Rc7 Ra6 33. g4
Na3 34. Kf3 Nc2 35. Ke4 Nxb4 36. Rb7 Nd5 37. Ke5 Ra2 38. Kd6 Rxf2 39. Kxc6 Nf4
40. d5 Rc2+ 41. Kd7 Nxd5 42. h3 Rc3 43. Kd6 Nf6 44. Rb4 g5 45. h4 Rd3+ 46. Kc6
Nd5 47. Rb7 gxh4 48. Rb5 h3 49. Rb1 Nf6 50. g5 Ne4 51. Rh1 Nxg5 52. Kb6 Rc3 53.
Rh2 Ne4 54. Kb5 f5 55. Ra2 Kf6 56. Ra6+ Kg5 57. Ra2 Kg4 58. Kb6 Kg3 59. Ra1 h2
60. Kb5 Rc8 61. Kb6 f4 62. Re1 f3 63. Rd1 f2 64. Kb7 Nd6+ 65. Ka7 Kg2 66. Rxd6
f1=Q 67. Rd2+ Kg3 68. Kb7 h1=Q+ 69. Rg2+ Qfxg2+ 70. Kb6 Qb2+ 71. Ka5 Ra8# {
QueenMaxima checkmated} 0-1

[Event "ICS rated bullet match"]
[Site "204.178.125.65"]
[Date "2000.11.19"]
[Round "?"]
[White "Lorcho"]
[Black "Hossa"]
[Result "0-1"]
[WhiteElo "1924"]
[BlackElo "2614"]
[PlyCount "90"]
[EventDate "2000.??.??"]

1. e4 e5 2. Nf3 Nf6 3. Be2 Nc6 4. d3 d5 5. O-O dxe4 6. dxe4 Qxd1 7. Rxd1 Nxe4
8. Bd3 Nc5 9. Nc3 Nxd3 10. Rxd3 Bf5 11. Rd1 Bxc2 12. Re1 f6 13. Be3 O-O-O 14.
Rac1 Bd3 15. Rcd1 Rd7 16. a3 Rd8 17. Rd2 Be7 18. Red1 Bc4 19. b4 Bd6 20. Ne4 a5
21. bxa5 Bxa3 22. Nc5 Nxa5 23. Na4 Nb3 24. Rxd8+ Rxd8 25. Rxd8+ Kxd8 26. Nc3
Bb2 27. Ne4 Bd5 28. Ned2 Nxd2 29. Nxd2 Bd4 30. Bxd4 exd4 31. f3 c5 32. Kf2 c4
33. Ke2 c3 34. Nf1 Bc4+ 35. Ke1 Bxf1 36. Kd1 d3 37. f4 Bxg2 38. h3 Bxh3 39. Kc1
g5 40. Kd1 Bg4+ 41. Kc1 gxf4 42. Kb1 Be6 43. Kc1 f3 44. Kd1 f2 45. Kc1 f1=Q# {
Lorcho checkmated} 0-1

[Event "ICS rated bullet match"]
[Site "204.178.125.65"]
[Date "2000.11.19"]
[Round "?"]
[White "Hossa"]
[Black "scotthall"]
[Result "1-0"]
[WhiteElo "2615"]
[BlackElo "2079"]
[PlyCount "71"]
[EventDate "2000.??.??"]

1. e4 Nf6 2. e5 Nd5 3. d4 d6 4. Nf3 Bg4 5. Be2 e6 6. O-O Be7 7. h3 Bh5 8. c4
Nb6 9. exd6 cxd6 10. Nc3 O-O 11. b3 N8d7 12. Be3 a5 13. Bd3 Bg6 14. Bxg6 hxg6
15. Qc2 d5 16. c5 Nc8 17. Bf4 Bf6 18. Nb5 Ne7 19. Bc7 Qc8 20. Bd6 Re8 21. Nc7
Nc6 22. Qd2 a4 23. Nxa8 Qxa8 24. Rad1 axb3 25. axb3 g5 26. Ra1 Qc8 27. b4 g4
28. hxg4 e5 29. g5 Be7 30. dxe5 Bxd6 31. exd6 Nde5 32. Nxe5 Nxe5 33. Qxd5 Qf5
34. Rae1 Nf3+ 35. Qxf3 Qxf3 36. Rxe8+ {scotthall resigns} 1-0

[Event "ICS rated blitz match"]
[Site "204.178.125.65"]
[Date "2000.11.19"]
[Round "?"]
[White "Hossa"]
[Black "astrogr"]
[Result "1-0"]
[WhiteElo "2548"]
[BlackElo "2203"]
[PlyCount "57"]
[EventDate "2000.??.??"]

1. e4 e6 2. d4 d5 3. Nc3 Bb4 4. e5 Ne7 5. a3 Bxc3+ 6. bxc3 c5 7. Qg4 Qc7 8.
Qxg7 Rg8 9. Qxh7 cxd4 10. Ne2 dxc3 11. f4 Bd7 12. Qd3 Nbc6 13. Nxc3 Nf5 14. Nb5
Qd8 15. Be3 a6 16. Nd6+ Nxd6 17. exd6 Rc8 18. Qh7 Rf8 19. Qg7 f5 20. h4 Qf6 21.
Qxf6 Rxf6 22. h5 Rh6 23. O-O-O Kf7 24. Bb6 Rg8 25. Rh2 Rg4 26. Be2 Rg3 27. Kb2
Kf6 28. Bf3 Be8 29. c4 {astrogr resigns} 1-0

[Event "ICS rated blitz match"]
[Site "204.178.125.65"]
[Date "2000.11.19"]
[Round "?"]
[White "WICKER-MAN"]
[Black "Hossa"]
[Result "0-1"]
[WhiteElo "2042"]
[BlackElo "2552"]
[PlyCount "30"]
[EventDate "2000.??.??"]

1. e4 c5 2. Nf3 Nc6 3. d4 cxd4 4. c3 dxc3 5. Nxc3 e6 6. Bc4 a6 7. O-O Nf6 8.
Qe2 b5 9. Bb3 d6 10. Rd1 b4 11. Na4 Na5 12. e5 Nxb3 13. axb3 Nd5 14. exd6 Qxd6
15. Bf4 Nxf4 {WICKER-MAN resigns} 0-1

[Event "ICS rated blitz match"]
[Site "204.178.125.65"]
[Date "2000.11.19"]
[Round "?"]
[White "Hossa"]
[Black "WICKER-MAN"]
[Result "1-0"]
[WhiteElo "2554"]
[BlackElo "2040"]
[PlyCount "25"]
[EventDate "2000.??.??"]

1. e4 c5 2. c3 d5 3. exd5 Qxd5 4. Nf3 Bg4 5. Qa4+ Bd7 6. Qf4 Nc6 7. Bc4 Qf5 8.
d3 e5 9. Qg5 Nf6 10. O-O Qxg5 11. Nxg5 Nd8 12. Re1 Bd6 13. f4 {
WICKER-MAN resigns} 1-0

[Event "ICS rated blitz match"]
[Site "204.178.125.65"]
[Date "2000.11.19"]
[Round "?"]
[White "WICKER-MAN"]
[Black "Hossa"]
[Result "0-1"]
[WhiteElo "2038"]
[BlackElo "2556"]
[PlyCount "106"]
[EventDate "2000.??.??"]

1. e4 e5 2. Nf3 Nf6 3. Nc3 Bb4 4. Bc4 d6 5. O-O Bxc3 6. dxc3 Bg4 7. Re1 O-O 8.
Bg5 Nc6 9. h3 Be6 10. Bb3 h6 11. Bh4 Bxb3 12. axb3 Qe7 13. Qd2 a6 14. b4 Qe6
15. Bxf6 Qxf6 16. c4 Ra7 17. b3 Qe7 18. c3 Qe6 19. Nh2 f5 20. exf5 Qxf5 21. Ng4
Qf7 22. Ne3 Raa8 23. Nd5 Kh8 24. Re3 Rac8 25. Rg3 Kg8 26. Rf3 Qd7 27. Rg3 Kh8
28. Rg6 Qf5 29. Rg3 e4 30. Re3 Rf7 31. Rae1 Re8 32. Qe2 Na7 33. Rxe4 Rxe4 34.
Qxe4 Qxf2+ 35. Kh1 Nc6 36. Qe8+ Rf8 37. Qe3 Qxe3 38. Rxe3 Rc8 39. b5 axb5 40.
cxb5 Ne5 41. c4 g5 42. Re2 b6 43. Ra2 g4 44. Ra7 gxh3 45. gxh3 Rg8 46. Nxc7 Rg3
47. Kh2 Rg7 48. Ra8+ Kh7 49. h4 Rxc7 50. Rb8 Nd7 51. Rd8 Ra7 52. Kg3 Nc5 53.
Kf4 Ne6+ {WICKER-MAN resigns} 0-1

[Event "ICS rated blitz match"]
[Site "204.178.125.65"]
[Date "2000.11.19"]
[Round "?"]
[White "Hossa"]
[Black "penguen2"]
[Result "1-0"]
[WhiteElo "2560"]
[BlackElo "1910"]
[PlyCount "30"]
[EventDate "2000.??.??"]

1. e4 c5 2. c3 d5 3. exd5 Qxd5 4. Nf3 Bg4 5. Qa4+ Bd7 6. Qf4 e6 7. Bc4 Qd6 8.
d4 Nf6 9. O-O cxd4 10. cxd4 Nc6 11. Nc3 Qxf4 12. Bxf4 Be7 13. Rfe1 O-O 14. d5
Na5 15. dxe6 Bxe6 {penguen2 resigns} 1-0

[Event "ICS rated bullet match"]
[Site "204.178.125.65"]
[Date "2000.11.19"]
[Round "?"]
[White "Hossa"]
[Black "BountyHunter"]
[Result "0-1"]
[WhiteElo "2616"]
[BlackElo "2750"]
[PlyCount "90"]
[EventDate "2000.??.??"]

1. e4 c6 2. c4 d5 3. exd5 cxd5 4. cxd5 Nf6 5. Bb5+ Nbd7 6. Nc3 a6 7. Qa4 Rb8 8.
Be2 b5 9. Qd4 b4 10. Ne4 Nxe4 11. Qxe4 Nf6 12. Qe5 Rb6 13. Bc4 Rd6 14. Nf3 Bb7
15. O-O Bxd5 16. Bxd5 Rxd5 17. Qe2 a5 18. d4 e6 19. Bg5 Be7 20. Ne5 h6 21. Be3
O-O 22. Rfd1 Qb6 23. Qc2 Bd6 24. Rac1 Qb5 25. Nc6 Re8 26. Rd3 Kf8 27. Bd2 Ng4
28. Rh3 Rc8 29. a4 bxa3 30. bxa3 Rf5 31. f4 Qd5 32. Qa4 Rxf4 33. Bxf4 Bxf4 34.
Rc2 Qe4 35. Qxa5 Qxc2 36. Qb4+ Kg8 37. Ne7+ Kh8 38. Qe1 Bxh2+ 39. Kf1 Qc4+ 40.
Qe2 Qxd4 41. Ng6+ fxg6 42. Qe1 Rc1 43. Rxh6+ gxh6 44. Ke2 Qe3+ 45. Kf1 Rxe1# {
Hossa checkmated} 0-1